banner koha

A senhora do jogo / (Registro n. 301073)

MARC details
000 -LÍDER
Campo de controle fixo 00786nam a22002897a 4500
001 - NÚMERO DE CONTROLE
Número de controle BS2023000238
003 - CÓDIGO MARC DA AGÊNCIA CATALOGADORA
Campo de controle BR-BrBNA
005 - DATA E HORA DA ÚLTIMA ATUALIZAÇÃO
Campo de controle 20240830143712.0
008 - CAMPO DE TAMANHO FIXO
Campo fixo de controle 240830b bl.||||| |||| 00| 0 por d
020 ## - ISBN - INTERNATIONAL STANDARD BOOK NUMBER
ISBN 978-85-01-08851-2
040 ## - FONTE DA CATALOGAÇÃO
Agência catalogadora BR-BrBNA
Idioma da catalogação por.
041 ## - CÓDIGO DO IDIOMA
Código do Idioma por.
072 ## - CATEGORIA DE CLASSIFICAÇÃO
Código da categoria de assunto S85
100 ## - ENTRADA PRINCIPAL - NOME PESSOAL
Código de relação Aut.
Nome pessoal Sidney, Sheldon
100 ## - ENTRADA PRINCIPAL - NOME PESSOAL
Código de relação Aut.
Nome pessoal Bagshawe, Tilly
100 ## - ENTRADA PRINCIPAL - NOME PESSOAL
Código de relação Trad.
Nome pessoal Gerhardt, Michele
245 ## - TÍTULO PRINCIPAL
Título principal A senhora do jogo /
250 ## - EDIÇÃO
Edição 9. ed.
260 ## - IMPRENTA (PUBLICAÇÃO, DISTRIBUIÇÃO, ETC.)
Lugar de publicação, distribuição, etc. Rio de Janeiro - RJ :
Nome do editor, distribuidor, etc. Record,
Data de publicação, distribuição, etc 2010
300 ## - DESCRIÇÃO FÍSICA
Extensão 461p.
500 ## - NOTA GERAL
Notas gerais Titulo original em inglês: Sidney Sheldons The mistress of the game.<br/>
650 ## - ASSUNTO
Cabeçalho tópico ou nome geográfico LITERATURA-NORTE AMERICANA
650 ## - ASSUNTO
Cabeçalho tópico ou nome geográfico ROMANCE
909 ## - IDENTIFICAÇÃO DO CATALOGADOR
Ano e mês da catalogação (aaaamm) 202408
Identificação do catalogador Maria Neves
942 ## - TIPO ESPECÍFICO
Tipo de material Livros
Exemplares
Status de empréstimo Fonte de classificação Status de danificação Não pode ser emprestado Código da coleção Localização permanente Localização atual Total Checkouts Número de chamada Código de barras Date last seen Tipo de material Perdido Data de aquisição Fonte de aquisição Qualificador de localização codificada Preço Número de inventário Preço para reposição Preço efetivo a partir de
  Classificação AGRIS     Acervo Cultural Biblioteca Nacional de Agricultura - Binagri Biblioteca Nacional de Agricultura - Binagri   S85 BS2023000238 2024-4449 30/08/2024 Livros                

BINAGRI

Telefone: (61)3218-2567/2388/3357/2097 - binagri@agro.gov.br

Ministério da Agricultura e Pecuária , Esplanada dos Ministérios, Bloco D, Anexo B, Brasília/DF, CEP: 70.043-900